000 00776nam a2200205 a 4500
001 BRCA_1279
005 20190320203347.0
008 140408s1991----mx-a---###---#000-0#spa-#
020 _a9686697047
050 4 _aNA5060
_b.F38 1991
245 1 0 _aLos favores del cielo
_bex-votos de Guanajuato.
260 _aGuanajuato, México
_bXIX Festival Internacional Cervantino
_c1991
300 _a37 p.
_bil. a color
_c24 cm.
500 _aCatálogo de la exposición realizada en el Museo Regional Alhóndiga de Granaditas (Guanajuato, México), 19 octubre - 17 noviembre, 1991
650 1 4 _aEx votos
_ySiglo XIX
_zMéxico
_94202
650 1 4 _aRetablos
_xArte popular
_ySiglo XIX
_zMéxico
_94203
650 1 4 _aPintura religiosa
_94204
650 1 4 _aArte cristiano
_93474
942 _2lcc
_cB
999 _c1148
_d1148